La provincia indomable : historia y paisaje de la sierra de Metztitlán, siglos XVI-XVIII /

Bibliographic Details
Main Author: Carrera Quezada, Sergio Eduardo (Author)
Format: Electronic eBook
Language:Spanish
Published: Ciudad de México, México : El Colegio de México, 2024.
Edition:Primera edición electrónica.
Subjects:
Online Access:Digitalia Hispánica

MARC

LEADER 00000nam a2200000Ii 4500
001 DIGCOLMX0557
003 NyNyDIG
006 m o d
007 cr |||||||||||
008 250402s2024 mx a ob 000 0 spa d
035 |a (OCoLC)1514307389 
040 |a DGITA  |b eng  |e rda  |e pn  |c DGITA 
020 |a 9786075646084  |q electrónico 
020 |z 9786075645346  |q impreso 
043 |a n-mx--- 
050 1 4 |a F1391.M525 ebook 
100 1 |a Carrera Quezada, Sergio Eduardo,  |e author. 
245 1 3 |a La provincia indomable :  |b historia y paisaje de la sierra de Metztitlán, siglos XVI-XVIII /  |c Sergio Eduardo Carrera Quezada. 
250 |a Primera edición electrónica. 
264 1 |a Ciudad de México, México :  |b El Colegio de México,  |c 2024. 
300 |a 1 online resource :  |b illustrations. 
336 |a text  |b txt  |2 rdacontent 
337 |a computer  |b c  |2 rdamedia 
338 |a online resource  |b cr  |2 rdacarrier 
347 |a text file  |2 rdaft 
347 |b EPUB 
504 |a Includes bibliographical references. 
588 0 |a Online resource; title from ePub title page (Digitalia, viewed April 2, 2025) 
650 0 |a Land tenure  |z Metztitlán (Mexico)  |x History. 
650 0 |a Natural areas  |z Mexico. 
651 0 |a Metztitlán (Mexico)  |x Social life and customs  |x History. 
776 0 8 |i Print version:  |a Carrera Quezada, Sergio Eduardo.  |t Provincia indomable.  |b Primera edición impresa.  |d Ciudad de México, México : El Colegio de México, 2024  |z 9786075645346 
791 2 |a Digitalia (Firm),  |e distributor. 
793 0 |g Digitalia eBook Collection:  |a El Colegio de México 
856 4 0 |3 Digitalia Hispánica  |u https://www.digitaliapublishing.com/a/171399/ 
910 |a Premium collection: 2025